El tratado de la pintura / (Record no. 187490)
[ view plain ]
| 000 -LEADER | |
|---|---|
| campo de control de longitud fija | 01123nam a2200241 i 4500 |
| 001 - NÚMERO DE CONTROL | |
| campo de control | 187490 |
| 003 - IDENTIFICADOR DE NÚMERO DE CONTROL | |
| campo de control | ES-MaACL |
| 005 - FECHA Y HORA DE LA ÚLTIMA TRANSACCIÓN | |
| campo de control | 20250728191644.0 |
| 008 - DATOS DE LONGITUD FIJA--INFORMACIÓN GENERAL | |
| campo de control de longitud fija | 170828s1827 sp |||| | spa d |
| 100 1# - ENTRADA PRINCIPAL--NOMBRE DE PERSONA | |
| Nombre de persona | Leonardo da Vinci, |
| Fechas asociadas al nombre | 1452-1519 |
| 9 (RLIN) | 71671 |
| 245 13 - MENCIÓN DEL TÍTULO | |
| Título | El tratado de la pintura / |
| Mención de responsabilidad, etc. | por Leonardo da Vinci ; y los tres libros que sobre el mismo arte escribió León Bautista Alberti ; traducidos e ilustrados con algunas notas por Diego Antonio Rejon de Silva. |
| 260 ## - PUBLICACIÓN, DISTRIBUCIÓN, ETC. | |
| Lugar de publicación, distribución, etc. | Reimpreso en Madrid : |
| Nombre del editor, distribuidor, etc. | en la Imprenta Real, |
| Fecha de publicación, distribución, etc. | 1827. |
| 300 ## - DESCRIPCIÓN FÍSICA | |
| Extensión | [16], XVIII, 3-266 p., [40] h. de grab. ; |
| Dimensiones | 29 cm. |
| 530 ## - NOTA DISPONIBLE DE FORMULARIO FÍSICO ADICIONAL | |
| Nota de formato físico adicional disponible | Disponible en formato digital. |
| 599 ## - NOTA A LAS ILUSTRACIONES | |
| NOTA A LAS ILUSTRACIONES | Las h. de grab. calcográficos. |
| 650 #4 - PUNTO DE ACCESO ADICIONAL DE MATERIA--TÉRMINO DE MATERIA | |
| Término de materia o nombre geográfico como elemento de entrada | Pintura- |
| Subdivisión de forma | Obras anteriores a 1800. |
| 9 (RLIN) | 141201 |
| 650 #4 - PUNTO DE ACCESO ADICIONAL DE MATERIA--TÉRMINO DE MATERIA | |
| Término de materia o nombre geográfico como elemento de entrada | Perspectiva- |
| Subdivisión de forma | Obras anteriores a 1800. |
| 9 (RLIN) | 163548 |
| 700 1# - ENTRADA AGREGADA--NOMBRE PERSONAL | |
| Nombre de persona | Alberti, Leon Battista, |
| Fechas asociadas al nombre | 1404-1472 |
| 9 (RLIN) | 154591 |
| 700 1# - ENTRADA AGREGADA--NOMBRE PERSONAL | |
| Nombre de persona | Rejón de Silva, Diego Antonio, |
| Fechas asociadas al nombre | 1740-1796 |
| 9 (RLIN) | 163549 |
| 852 ## - LOCALIZACIÓN | |
| Ubicación | ES-MaACL |
| Número de control de estantería | R-2706 |
| Encuadernación | Olim:G-8648 |
| 856 ## - LOCALIZACIÓN Y ACCESO ELECTRÓNICOS | |
| Identificador Uniforme de Recursos | <a href="http://bdh-rd.bne.es/viewer.vm?id=0000201888&page=1 ">http://bdh-rd.bne.es/viewer.vm?id=0000201888&page=1 </a> |
| Bits por segundo | Biblioteca Digital Hispánica |
| Estatus retirado | Estado de pérdida | Estado de daño | No para préstamo | Colección | Biblioteca de origen | Biblioteca actual | Ubicación en estantería | Fecha de adquisición | Fuente de adquisición | Total de préstamos | Signatura topográfica completa | Código de barras | Visto por última vez | Precio de reemplazo | Tipo de ítem Koha |
|---|---|---|---|---|---|---|---|---|---|---|---|---|---|---|---|
| Colección digital | Biblioteca del Ateneo de Madrid | Biblioteca del Ateneo de Madrid | Depósito | 28/08/2017 | R-2706 | 1197958 | 23/02/2023 | 23/02/2023 | Libro impreso antiguo |
